[Event "FICGS rapid M 000113 email"]
[Site "FICGS email"]
[Date "2020.03.26"]
[Round "1"]
[White "Frenkel, Alex"]
[Black "Jabot, Daniel"]
[Result "1/2-1/2"]
[WhiteElo "2132"]
[BlackElo "2137"]
[PlyCount "76"]
[EventDate "2020.??.??"]
[EventType "tourn (rapid)"]
[EventRounds "6"]
[SourceTitle "Corr 2022"]
[Source "ChessBase"]
[SourceDate "2021.10.24"]
[SourceVersion "1"]
[SourceVersionDate "2021.10.24"]
[SourceQuality "1"]

1. e4 c5 2. Nf3 d6 3. d4 cxd4 4. Nxd4 Nc6 5. Nc3 Nf6 6. Bg5 Ng4 7. Bb5 Bd7 8. Nf5 Nf6 9. Qd3 a6 10. Bxf6 gxf6 11. Bxc6 Bxc6 12. 0-0-0 h5 13. f4 e6 14. Nd4 Bd7 15. f5 Qc7 16. Rhf1 0-0-0 17. fxe6 fxe6 18. Rxf6 Re8 19. g3 Kb8 20. Kb1 Re7 21. Rdf1 Bg7 22. Rf7 Rhe8 23. Qd2 Bc8 24. R7f2 Qb6 25. Nb3 Be5 26. Ne2 h4 27. g4 h3 28. Ng1 Rg7 29. g5 Bd7 30. Rf8 Rg8 31. Rxg8 Rxg8 32. Nxh3 Bb5 33. Rf3 Bc6 34. Nf2 d5 35. exd5 Bxd5 36. Rh3 Rf8 37. Qe1 Rf5 38. Nd3 Rxg5 1/2-1/2